01403nam a2200385 i 450000100060000000300080000600500170001400600190003100700150005000800410006502000180010602000270012403500230015103500240017403500250019803500210022304000310024405000210027508200150029610000230031124501340033426400430046830000410051133600310055233700330058333800430061650000230065958801260068265000350080865000390084365500270088270000240090970000220093385600620095594453FlNmELB20241217172302.0m o d | cr cnu||||||||140823s2013 ag o 001 0 spa d z9789875913639 a9789875914247 (e-book) a(MiAaPQ)EBC3221551 a(Au-PeEL)EBL3221551 a(CaPaEBR)ebr10889785 a(OCoLC)992022579 aFINmELBbspaerdacFINmELB 4aQP475bF799 20130 a612.842231 aFraenza, Fernando.10aCómo vemos? :buna introducción a la visión de la forma y el color /cFernando Fraenza, Alejandra Perié, Sergio Yonahara. 1aCórdoba :bEditorial Brujas,c[2013] a1 recurso en línea (361 páginas) atextobtxt2rdacontent/spa acomputadorabc2rdamedia/spa arecurso en líneabcr2rdacarrier/spa aContiene índice. aDescripción basada en recurso en línea; Título de la página del título en PDF (e-libro, visto august 23, 2014). 0aVisionxPhysiological aspects. 4aVisiónxAspectos fisiológicos. 4aLibros electrónicos.1 aPerié, Alejandra.1 aYonahara, Sergio.40uhttps://elibro.net/ereader/politecnicointernacional/78119